000 00484nab a2200145Ia 4500
003 ES-SlBCS
005 20210601125558.0
008 140529s1996 xxu||||| |||| 00| 0 eng d
041 _aeng
100 1 _aBurton, Robert G.
_9155858
245 0 0 _aToward Credible Account of Abduction
_c Robert G. Burton
650 0 4 _aSecuestro
_9160633
773 0 _tRevue Roumaine des Sciences Sociales (Serie de Philosophie et de Logique)
_gvol. 40, nº. 1-2, 1996, págs. 33-38
_wRev955
942 _cAR
999 _c532592
_d532592